Areas de absorción en una red de edificios escolares (Record no. 62741)
[ view plain ]
| 000 -CABECERA | |
|---|---|
| campo de control de longitud fija | 00614nam a2200217 a 4500 |
| 005 - FECHA Y HORA DE LA ÚLTIMA TRANSACCIÓN | |
| campo de control | 20210219152857.0 |
| 008 - ELEMENTOS DE LONGITUD FIJA--INFORMACIÓN GENERAL | |
| campo de control de longitud fija | 991125n 000 0 spa u |
| 035 ## - NÚMERO DE CONTROL DEL SISTEMA | |
| Número de control de sistema | UPN01000064799 |
| 100 ## - ASIENTO PRINCIPAL--NOMBRE PERSONAL | |
| Nombre de persona | PEÑA TOME, Eduardo |
| 222 ## - TÍTULO CLAVE | |
| Título clave | CONESCAL : |
| 222 ## - TÍTULO CLAVE | |
| Información calificativa | REVISTA ESPECIALIZADA EN CONSTRUCCIONES ESCOLARES |
| 245 ## - MENCIÓN DE TÍTULO | |
| Título | Areas de absorción en una red de edificios escolares |
| 260 ## - PUBLICACIÓN, DISTRIBUCIÓN, ETC. | |
| Lugar de publicación, distribución, etc. | MEXICO |
| 300 ## - DESCRIPCIÓN FÍSICA | |
| Extensión | 49-68 |
| 362 ## - FECHAS DE PUBLICACIÓN Y/O DESIGNACIÓN SECUENCIAL | |
| Fecha de publicación y/o designación secuencial | 1978 No. 47, jul.-sep. |
| 653 0# - TERMINO DE INDIZACION - NO CONTROLADO | |
| Término no controlado | CONSTRUCCIONES ESCOLARES |
| 653 0# - TERMINO DE INDIZACION - NO CONTROLADO | |
| Término no controlado | INSTALACIONES EDUCATIVAS |
| 653 0# - TERMINO DE INDIZACION - NO CONTROLADO | |
| Término no controlado | MEDIO URBANO |
| 904 ## - ELEMENTOS DE DATOS D LOCAL, LDD (RLIN) | |
| a | AC |
| b | 002610 |
| 905 ## - TIPO DE MATERIAL | |
| Tipo de material | Articulo |
No items available.
